[Event "TCh-ISR 2019"]
[Site "Israel ISR"]
[Date "2019.01.05"]
[Round "2.3"]
[Board "1"]
[White "Zilberman, Yaacov"]
[Black "Boruchovsky, Avital"]
[Result "0-1"]
[WhiteTitle "GM"]
[BlackTitle "GM"]
[WhiteElo "2334"]
[BlackElo "2525"]
[WhiteTeam "haPoel Kfar Saba Bet"]
[BlackTeam "Kfar Saba"]
[WhiteFideId "2801612"]
[BlackFideId "2800055"]
[EventDate "2019.01.04"]

1. d4 Nf6 2. Nf3 g6 3. c4 Bg7 4. Nc3 d5 5. e3 O-O 6. Bd2 e6 7. Rc1 b6 8. Qb3 Bb7
9. cxd5 exd5 10. Be2 Nbd7 11. O-O c5 12. dxc5 Nxc5 13. Qa3 Re8 14. b4 Ne6 15.
Rfd1 d4 16. Be1 Nd5 17. Nxd5 Bxd5 18. Bb5 Bxf3 19. gxf3 Qg5+ 0-1

[Event "TCh-ISR 2019"]
[Site "Israel ISR"]
[Date "2019.01.05"]
[Round "2.3"]
[Board "2"]
[White "Grinberg, Eyal"]
[Black "Finkel, Alexander"]
[Result "1-0"]
[WhiteTitle "IM"]
[BlackTitle "GM"]
[WhiteElo "2470"]
[BlackElo "2453"]
[WhiteTeam "Kfar Saba"]
[BlackTeam "haPoel Kfar Saba Bet"]
[WhiteFideId "2806070"]
[BlackFideId "2801957"]
[EventDate "2019.01.04"]

1. e4 d5 2. exd5 Qxd5 3. Nc3 Qa5 4. d4 Nf6 5. Bc4 Nc6 6. Ne2 Bg4 7. f3 Bf5 8.
Bd2 O-O-O 9. a3 Nxd4 10. Nxd4 Rxd4 11. Nb5 Qb6 12. Nxd4 Qxd4 13. Qe2 Qxb2 14.
O-O e6 15. Rfb1 Qxc2 16. Rb5 a6 17. Rc1 axb5 18. Rxc2 Bxc2 19. Bxb5 Nd5 20. Qc4
Bg6 21. a4 Bd6 22. a5 Rf8 23. Ba4 f5 24. a6 bxa6 25. Bg5 Kb7 26. Bc6+ Kb6 27.
Bd7 Bc5+ 28. Kh1 Nb4 29. Be3 1-0

[Event "TCh-ISR 2019"]
[Site "Israel ISR"]
[Date "2019.01.05"]
[Round "2.3"]
[Board "3"]
[White "Shachar, Ehud"]
[Black "Givon, Asaf"]
[Result "0-1"]
[WhiteTitle "IM"]
[BlackTitle "IM"]
[WhiteElo "2391"]
[BlackElo "2465"]
[WhiteTeam "haPoel Kfar Saba Bet"]
[BlackTeam "Kfar Saba"]
[WhiteFideId "2802198"]
[BlackFideId "2801841"]
[EventDate "2019.01.04"]

1. Nf3 c5 2. c4 Nf6 3. Nc3 e6 4. g3 b6 5. Bg2 Bb7 6. O-O Be7 7. Re1 d6 8. e4 a6
9. d4 cxd4 10. Nxd4 Qc7 11. Qe2 O-O 12. Bd2 Re8 13. Rac1 Nbd7 14. h3 Bf8 15. Kh2
g6 16. b3 Bg7 17. Be3 Nc5 18. Qc2 Rac8 19. Nde2 Qb8 20. a4 Qa8 21. Nf4 Nfxe4 22.
Nxe4 Bxe4 23. Bxe4 Nxe4 24. h4 b5 25. axb5 axb5 26. Qd3 bxc4 27. bxc4 Be5 28.
Rc2 Nf6 29. Qe2 h5 30. Kg1 Ng4 31. Bc1 Bd4 32. Qd3 Ne5 0-1

[Event "TCh-ISR 2019"]
[Site "Israel ISR"]
[Date "2019.01.05"]
[Round "2.3"]
[Board "4"]
[White "Mindlin, Alon"]
[Black "Aharon, Ofir"]
[Result "1-0"]
[WhiteTitle "IM"]
[BlackTitle "FM"]
[WhiteElo "2462"]
[BlackElo "2310"]
[WhiteTeam "Kfar Saba"]
[BlackTeam "haPoel Kfar Saba Bet"]
[WhiteFideId "2800071"]
[BlackFideId "2800683"]
[EventDate "2019.01.04"]

1. c4 c5 2. Nc3 g6 3. Nf3 Bg7 4. g3 Nc6 5. Bg2 e6 6. O-O Nge7 7. e3 Nf5 8. a3
O-O 9. d3 d5 10. Qc2 b6 11. Bd2 Bb7 12. cxd5 exd5 13. Ne2 Qf6 14. b4 Qe7 15.
Rab1 Rfc8 16. bxc5 bxc5 17. Nf4 Nd8 18. Rfe1 Nd6 19. Qa2 c4 20. Bb4 a5 21. Bxd6
Qxd6 22. Nd4 Rab8 23. Bh3 Rc5 24. Nb5 Qc6 25. Na7 Qe8 26. d4 Rc7 27. Nb5 Rd7 28.
Bxd7 Qxd7 29. Nc3 Ra8 30. Rb6 Ne6 31. Nxe6 fxe6 32. Qb2 Bc6 33. Rb8+ Rxb8 34.
Qxb8+ Kf7 35. Rb1 Bf8 36. Qf4+ Kg7 37. Qe5+ Kh6 38. h4 Bxa3 39. Ne2 Bd6 40. Qg5+
Kg7 41. Nf4 Bxf4 42. exf4 Qd6 43. h5 a4 44. Rb6 c3 45. Rxc6 Qxc6 46. Qe7+ Kh6
47. g4 Qc8 48. Kg2 e5 49. g5+ Kxh5 50. Qxh7+ Kg4 51. Qh3+ Kxf4 52. Qxc8 exd4 53.
Kf1 a3 54. Qf8+ Ke4 55. Qxa3 Kd3 56. Ke1 Kc2 57. Qa2+ 1-0

[Event "TCh-ISR 2019"]
[Site "Israel ISR"]
[Date "2019.01.05"]
[Round "2.3"]
[Board "5"]
[White "Gershon, Alik"]
[Black "Rozentalis, Eduardas"]
[Result "0-1"]
[WhiteTitle "GM"]
[BlackTitle "GM"]
[WhiteElo "2431"]
[BlackElo "2526"]
[WhiteTeam "haPoel Kfar Saba Bet"]
[BlackTeam "Kfar Saba"]
[WhiteFideId "2802430"]
[BlackFideId "12800023"]
[EventDate "2019.01.04"]

1. d4 Nf6 2. c4 e6 3. Nc3 Bb4 4. Qc2 d6 5. a3 Bxc3+ 6. Qxc3 Nbd7 7. Nf3 b6 8.
Bg5 Bb7 9. e3 Rc8 10. b4 h6 11. Bh4 g5 12. Bg3 Ne4 13. Qc2 h5 14. Bd3 f5 15. h4
g4 16. Ng5 Nxg5 17. hxg5 Bxg2 18. Rh2 Bf3 19. d5 Ne5 20. Bxf5 exf5 21. Bxe5 Be4
22. Qa4+ b5 23. Qxb5+ c6 24. dxc6 Bxc6 25. Qa6 dxe5 26. b5 O-O 27. bxc6 Qxg5 28.
O-O-O Qg6 29. Qb5 Qxc6 30. Qxc6 Rxc6 31. Rd5 Rxc4+ 32. Kd2 Kf7 33. Rxh5 Kg6 34.
Rh2 Rfc8 35. Rxe5 Rd8+ 36. Ke2 Rc2+ 37. Ke1 Rc1+ 38. Ke2 Rcd1 39. e4 R8d2+ 40.
Ke3 Rd3+ 41. Ke2 f4 0-1

[Event "TCh-ISR 2019"]
[Site "Israel ISR"]
[Date "2019.01.05"]
[Round "2.3"]
[Board "6"]
[White "Afek, Yochanan"]
[Black "Ben Artzi, Ido"]
[Result "1/2-1/2"]
[WhiteTitle "IM"]
[BlackTitle "IM"]
[WhiteElo "2244"]
[BlackElo "2382"]
[WhiteTeam "haPoel Kfar Saba Bet"]
[BlackTeam "Kfar Saba"]
[WhiteFideId "2800462"]
[BlackFideId "2810913"]
[EventDate "2019.01.04"]

1. e4 c5 2. Nf3 g6 3. d4 Bg7 4. dxc5 Nf6 5. Bd3 Na6 6. e5 Ng4 7. O-O Nxc5 8. Re1
Nxd3 9. Qxd3 f6 10. exf6 Nxf6 11. Nc3 O-O 12. Bg5 d6 13. Nd4 e5 14. Ndb5 Bf5 15.
Qxd6 a6 16. Qxd8 Raxd8 17. Na3 b5 18. Nd1 h6 19. Bh4 g5 20. Bg3 Ne4 21. Ne3 Nxg3
22. hxg3 Be6 23. Rad1 e4 24. c3 Bxa2 25. Nac2 Bb3 26. Rxd8 Rxd8 27. Ra1 Bxc2 28.
Nxc2 Rd2 29. Nd4 Rxb2 30. Rxa6 b4 31. Rc6 bxc3 32. Nf5 Rd2 33. Rc8+ Kh7 34. Rc7
c2 35. Kh2 Rxf2 36. Rxg7+ Kh8 37. Rc7 Rxf5 38. Rxc2 Kg7 39. Rc4 Re5 40. Kg1 Kf6
41. g4 e3 42. Kf1 Ra5 43. Ke2 Ra2+ 44. Kxe3 Rxg2 1/2-1/2

[Event "TCh-ISR 2019"]
[Site "Israel ISR"]
[Date "2019.01.05"]
[Round "2.4"]
[Board "1"]
[White "Kovalenko, Igor"]
[Black "Shvidler, Eliahu"]
[Result "1/2-1/2"]
[WhiteTitle "GM"]
[BlackTitle "IM"]
[WhiteElo "2663"]
[BlackElo "2357"]
[WhiteTeam "Ashdod Elit"]
[BlackTeam "ASA Shlomo Har-Tsvi Tel Aviv"]
[WhiteFideId "14117908"]
[BlackFideId "2800160"]
[EventDate "2019.01.04"]

1. c4 c6 2. Nf3 d5 3. e3 g6 4. Nc3 Nf6 5. d4 Bg7 6. Bd3 O-O 7. O-O c5 8. dxc5
dxc4 9. Bxc4 Nbd7 10. Na4 Qc7 11. Qc2 e6 12. b3 Nxc5 13. Ba3 b6 14. Nxc5 bxc5
15. Be2 Nd7 16. Rac1 Qa5 17. Bxc5 Nxc5 18. Qxc5 Qxa2 19. Bc4 Ba6 20. Rfd1 Bxc4
21. Qxc4 Rab8 22. Rd3 a5 23. Nd2 Qa3 24. Rd1 Rbd8 25. Nf1 Rc8 26. Qf4 Rb8 27.
Qc4 Rbc8 28. Qh4 Qb4 29. Qxb4 axb4 30. Nd2 Rc3 31. Ne4 Rc2 32. R3d2 Rxd2 33.
Rxd2 Rc8 34. g4 f5 35. Ng5 fxg4 36. Nxe6 Bf6 37. Nf4 Rc1+ 38. Kg2 Rb1 39. Rd3
Bc3 40. Rd8+ Kg7 41. Ne6+ Kf7 42. Nc5 h5 43. Rd7+ Kf6 44. Rd6+ Kf7 45. Rb6 Rb2
46. Rb7+ Kf6 47. h3 gxh3+ 48. Kxh3 Rb1 49. Rd7 g5 50. Rd5 Kg6 51. Ne4 g4+ 52.
Kh4 Bf6+ 53. Nxf6 Rh1+ 54. Kg3 Kxf6 55. Rb5 Rg1+ 56. Kh2 Rb1 57. Rxh5 Rxb3 58.
Kg3 Rb2 59. Rd5 b3 60. Rb5 Ke6 61. Rb4 Kd5 62. Rxg4 Kc5 63. Rg8 Re2 64. Rb8 Kc4
65. Kf3 Re1 66. Ke4 Kc3 67. Rc8+ Kd2 68. Rb8 Kc2 69. Rc8+ Kd2 70. Rb8 1/2-1/2

[Event "TCh-ISR 2019"]
[Site "Israel ISR"]
[Date "2019.01.05"]
[Round "2.4"]
[Board "2"]
[White "Soffer, Ram"]
[Black "Smirin, Ilia"]
[Result "1/2-1/2"]
[WhiteTitle "GM"]
[BlackTitle "GM"]
[WhiteElo "2477"]
[BlackElo "2610"]
[WhiteTeam "ASA Shlomo Har-Tsvi Tel Aviv"]
[BlackTeam "Ashdod Elit"]
[WhiteFideId "2800101"]
[BlackFideId "2801990"]
[EventDate "2019.01.04"]

1. e4 e5 2. Nf3 Nc6 3. Nc3 Nf6 4. d4 exd4 5. Nxd4 Bc5 6. Be3 Bb6 7. Qd2 O-O 8.
O-O-O Re8 9. f3 Ne5 10. Nb3 d6 11. Be2 Be6 12. g4 Nc4 13. Bxc4 Bxc4 14. g5 Nd7
15. Nd4 Ba5 16. Nf5 Be6 17. Nd4 Ne5 18. f4 Nc4 19. Qd3 Nxe3 20. Qxe3 Bd7 21.
Nde2 b5 22. Ng3 b4 23. Nce2 Bb6 24. Qd3 a5 25. Nd4 g6 26. h4 Bg4 27. Nde2 d5 28.
e5 c5 29. c4 bxc3 30. Nxc3 c4 31. Qxd5 Be3+ 32. Kb1 Bxd1 33. Rxd1 Qb6 34. Nge4
Reb8 35. Na4 Qc7 36. Nd6 Ra7 37. Nb5 Qc8 38. Nxa7 Qf5+ 39. Ka1 Bxa7 40. Qxc4 Rc8
41. Qd5 Be3 42. a3 Bxf4 43. Nb6 Re8 44. Qc6 Qe6 45. Qxe6 Rxe6 46. Nc4 Bxe5 47.
Nxa5 Bg3 48. Rd4 Re1+ 49. Ka2 Rh1 50. Nc4 Bxh4 51. a4 Bxg5 52. a5 Re1 53. a6 Re6
54. Rd6 Re7 55. b4 h5 56. b5 Ra7 57. Ne5 h4 58. Nc6 Ra8 59. Rd3 Kg7 60. a7 Be7
61. b6 Bc5 62. Rb3 g5 63. Kb2 Bxb6 64. Rxb6 h3 65. Nd4 Rxa7 66. Nf5+ Kg8 67. Rh6
g4 68. Rh4 Ra4 69. Kc3 Rf4 70. Rxg4+ Rxg4 71. Nh6+ Kg7 72. Nxg4 Kg6 73. Kd3 Kg5
74. Nf2 Kh4 75. Ke3 Kg3 76. Nxh3 Kxh3 77. Kf4 1/2-1/2

[Event "TCh-ISR 2019"]
[Site "Israel ISR"]
[Date "2019.01.05"]
[Round "2.4"]
[Board "3"]
[White "Sutovsky, Emil"]
[Black "Kundin, Alexander"]
[Result "1-0"]
[WhiteTitle "GM"]
[BlackTitle "IM"]
[WhiteElo "2628"]
[BlackElo "2311"]
[WhiteTeam "Ashdod Elit"]
[BlackTeam "ASA Shlomo Har-Tsvi Tel Aviv"]
[WhiteFideId "2802007"]
[BlackFideId "2803097"]
[EventDate "2019.01.04"]

1. e4 d5 2. exd5 Qxd5 3. Nc3 Qa5 4. d4 Nf6 5. Nf3 Bf5 6. Ne5 c6 7. Bf4 Nd5 8.
Bd2 Nd7 9. Bc4 Nxe5 10. Nxd5 Qd8 11. dxe5 cxd5 12. Bd3 Bxd3 13. cxd3 g6 14. e6
fxe6 15. Bc3 Rg8 16. O-O Bg7 17. Bxg7 Rxg7 18. Qa4+ Kf8 19. Rac1 Rf7 20. Rc5 Qd6
21. Rfc1 Qf4 22. Qc2 Kg8 23. Rc7 Raf8 24. f3 e5 25. Re1 g5 26. Qc1 Qxc1 27.
Rcxc1 g4 28. fxg4 e4 29. dxe4 d4 30. Rc5 Rf2 31. Rg5+ Kh8 32. Rf5 R8xf5 33. exf5
Rxb2 34. Rxe7 d3 35. Rd7 d2 36. Kf1 Rxa2 37. g5 Ra1+ 38. Ke2 d1=Q+ 39. Rxd1 Rxd1
40. Kxd1 a5 41. Kc2 a4 42. Kc3 b5 43. Kb4 Kg7 44. h4 Kf7 45. h5 Kg7 46. h6+ Kf7
47. g3 Kf8 48. g6 Kg8 49. f6 hxg6 50. g4 g5 51. Ka3 1-0

[Event "TCh-ISR 2019"]
[Site "Israel ISR"]
[Date "2019.01.05"]
[Round "2.4"]
[Board "4"]
[White "Kreizberg, Michael"]
[Black "Golod, Vitali"]
[Result "1/2-1/2"]
[WhiteTitle "FM"]
[BlackTitle "GM"]
[WhiteElo "2297"]
[BlackElo "2532"]
[WhiteTeam "ASA Shlomo Har-Tsvi Tel Aviv"]
[BlackTeam "Ashdod Elit"]
[WhiteFideId "2803372"]
[BlackFideId "2804140"]
[EventDate "2019.01.04"]

1. d4 Nf6 2. c4 g6 3. Nf3 Bg7 4. g3 O-O 5. Bg2 c6 6. Nc3 d5 7. cxd5 cxd5 8. Ne5
e6 9. O-O Nfd7 10. Nf3 Nc6 11. b3 a6 12. Bb2 b5 13. Qd2 Nb6 14. Rfc1 Bb7 15. e3
b4 16. Ne2 a5 17. a4 bxa3 18. Bxa3 Re8 19. Nc3 a4 20. Nxa4 Nxa4 21. bxa4 Rxa4
22. Bc5 Rxa1 23. Rxa1 Qc7 24. Bf1 Ra8 25. Rxa8+ Bxa8 26. Qa2 Qa5 27. Qxa5 Nxa5
28. Ne5 f6 29. Nd3 Kf7 30. Bb4 Nc6 31. Bc3 Bf8 32. Be2 Bb7 33. f3 Ba6 34. Kf2
Bc4 35. Nb2 Bxe2 36. Kxe2 Bd6 37. Kf2 h5 38. h3 g5 39. Nd3 f5 40. g4 Kg6 41. Ke2
hxg4 1/2-1/2

[Event "TCh-ISR 2019"]
[Site "Israel ISR"]
[Date "2019.01.05"]
[Round "2.4"]
[Board "5"]
[White "Kogan, Arthur"]
[Black "Aharonovich, Itamar"]
[Result "1-0"]
[WhiteTitle "GM"]
[BlackTitle "FM"]
[WhiteElo "2547"]
[BlackElo "2299"]
[WhiteTeam "Ashdod Elit"]
[BlackTeam "ASA Shlomo Har-Tsvi Tel Aviv"]
[WhiteFideId "2800802"]
[BlackFideId "2814501"]
[EventDate "2019.01.04"]

1. e4 e5 2. Nf3 Nc6 3. Nc3 Nf6 4. Bb5 Bb4 5. O-O O-O 6. d3 Bxc3 7. bxc3 d6 8.
Re1 Qe7 9. h3 Nd8 10. d4 c5 11. a4 b6 12. Bg5 Rb8 13. Qd2 h6 14. Bh4 Bb7 15.
dxe5 dxe5 16. Nxe5 Qxe5 17. Bg3 Qh5 18. Bxb8 Ne6 19. Bd6 Rd8 20. f3 Ng5 21. Rad1
Qg6 22. Kh2 Nfxe4 23. fxe4 Nxe4 24. Rxe4 Bxe4 25. g3 Qf5 26. Qe2 Bf3 27. Qf2 Qh5
28. Rd2 Bg4 29. Bf1 Re8 30. Bg2 1-0

[Event "TCh-ISR 2019"]
[Site "Israel ISR"]
[Date "2019.01.05"]
[Round "2.4"]
[Board "6"]
[White "Gershkowich, David"]
[Black "Bar, Roman"]
[Result "0-1"]
[WhiteTitle "FM"]
[BlackTitle "IM"]
[WhiteElo "2200"]
[BlackElo "2484"]
[WhiteTeam "ASA Shlomo Har-Tsvi Tel Aviv"]
[BlackTeam "Ashdod Elit"]
[WhiteFideId "2803356"]
[BlackFideId "2803879"]
[EventDate "2019.01.04"]

1. e4 c5 2. Nf3 Nc6 3. c3 Nf6 4. e5 Nd5 5. Bc4 Nb6 6. Bb3 d6 7. exd6 Qxd6 8. O-O
Be6 9. Bxe6 Qxe6 10. Re1 Qd7 11. a4 e6 12. d4 cxd4 13. cxd4 Be7 14. a5 Nd5 15.
Nc3 Nxc3 16. bxc3 O-O 17. a6 b6 18. Bf4 Rac8 19. Qe2 Na5 20. Ne5 Qd5 21. Qe3 Qb3
22. Reb1 Qd5 23. Qg3 Kh8 24. Re1 Nc4 25. h4 Nxe5 26. Bxe5 f6 27. Bf4 Rc6 28. Qh3
Re8 29. h5 Kg8 30. Re3 b5 31. h6 g6 32. Qg4 Kf7 33. Qe2 b4 34. cxb4 Qxd4 35. Re1
Qxf4 36. Rxe6 Rxe6 37. Qxe6+ Kf8 38. b5 Qb4 39. Re3 Qb1+ 40. Kh2 Qxb5 41. g3 Qf5
42. Qa2 Rc8 43. Rb3 Qh5+ 44. Kg2 Qd5+ 45. Kh2 Qc4 46. Kg2 Kf7 47. Kh2 Rb8 0-1

[Event "TCh-ISR 2019"]
[Site "Israel ISR"]
[Date "2019.01.05"]
[Round "2.5"]
[Board "1"]
[White "Dvoirys, Semen I."]
[Black "Rodshtein, Maxim"]
[Result "1/2-1/2"]
[WhiteTitle "GM"]
[BlackTitle "GM"]
[WhiteElo "2523"]
[BlackElo "2668"]
[WhiteTeam "Beer Sheva Yud-Alef"]
[BlackTeam "Beer Sheva Alef in name of Eliyahu Levant"]
[WhiteFideId "4100379"]
[BlackFideId "2806851"]
[EventDate "2019.01.04"]

1. e4 c6 2. d4 d5 3. Nd2 dxe4 4. Nxe4 Bf5 5. Ng3 Bg6 6. h4 h6 7. Nf3 e6 8. Ne5
Bh7 9. Qh5 Qc7 10. Bd3 Bxd3 11. Nxd3 Nf6 12. Qe2 Nbd7 13. Bf4 Bd6 14. Be5 O-O
15. O-O-O c5 16. Bxd6 Qxd6 17. dxc5 Nxc5 18. Kb1 Rfd8 19. Nxc5 Qxc5 20. Ne4 Nxe4
21. Qxe4 b5 22. f3 b4 23. g4 Rac8 24. b3 a5 25. f4 Qf2 26. h5 Qg3 27. Rdg1 Qc3
28. Rd1 Qg3 29. Rdg1 Qf2 30. Rf1 Qg3 1/2-1/2

[Event "TCh-ISR 2019"]
[Site "Israel ISR"]
[Date "2019.01.05"]
[Round "2.5"]
[Board "2"]
[White "Postny, Evgeny"]
[Black "Khmelniker, Ilya"]
[Result "1-0"]
[WhiteTitle "GM"]
[BlackTitle "GM"]
[WhiteElo "2623"]
[BlackElo "2483"]
[WhiteTeam "Beer Sheva Alef in name of Eliyahu Levant"]
[BlackTeam "Beer Sheva Yud-Alef"]
[WhiteFideId "2804344"]
[BlackFideId "2805340"]
[EventDate "2019.01.04"]

1. d4 Nf6 2. c4 g6 3. f3 e6 4. e4 c5 5. d5 d6 6. Nc3 Bg7 7. Bg5 h6 8. Be3 O-O 9.
Qd2 exd5 10. cxd5 Re8 11. Nge2 Nh7 12. Nf4 a6 13. a4 Nd7 14. Be2 Ne5 15. O-O Nf6
16. Bf2 c4 17. Bd1 Qa5 18. Bc2 Nfd7 19. Nfe2 Nc5 20. Bd4 Bd7 21. Kh1 Qb4 22. f4
Ned3 23. Bxg7 Kxg7 24. Ng3 Rac8 25. e5 Qxb2 26. f5 Nb3 27. Nh5+ gxh5 28. f6+ Kh7
29. Bxd3+ cxd3 30. Qxb2 Nxa1 31. e6 1-0

[Event "TCh-ISR 2019"]
[Site "Israel ISR"]
[Date "2019.01.05"]
[Round "2.5"]
[Board "3"]
[White "Vydeslaver, Alik"]
[Black "Roiz, Michael"]
[Result "1/2-1/2"]
[WhiteTitle "IM"]
[BlackTitle "GM"]
[WhiteElo "2386"]
[BlackElo "2605"]
[WhiteTeam "Beer Sheva Yud-Alef"]
[BlackTeam "Beer Sheva Alef in name of Eliyahu Levant"]
[WhiteFideId "2801876"]
[BlackFideId "2804158"]
[EventDate "2019.01.04"]

1. d4 Nf6 2. Nf3 d5 3. Bf4 e6 4. e3 Bd6 5. Bd3 Bxf4 6. exf4 Qd6 7. Qd2 b6 8. Nc3
O-O 9. Ne5 c5 10. Nb5 Qe7 11. c3 Ba6 12. dxc5 bxc5 13. Na3 Bxd3 14. Qxd3 Qb7 15.
Rb1 Nc6 16. Nxc6 Qxc6 17. O-O Rab8 18. b3 Qc7 19. Qd2 Ne4 20. Qc1 Qa5 21. c4 d4
22. Re1 Nc3 23. Ra1 Rfd8 24. Kf1 g6 25. Nb1 Nxb1 26. Qxb1 d3 27. Re3 d2 28. Qc2
Rd4 29. Rd1 Rbd8 30. g3 Qb4 31. Ke2 Qb7 32. f3 Qd7 33. Kf2 h6 34. Qc3 h5 35. Re4
Rd3 36. Qe5 Qc6 37. Re3 R3d4 38. Re4 R4d7 39. Re2 Rd3 40. Re3 R3d4 41. Re4 R4d6
42. Re2 1/2-1/2

[Event "TCh-ISR 2019"]
[Site "Israel ISR"]
[Date "2019.01.05"]
[Round "2.5"]
[Board "4"]
[White "Huzman, Alexander"]
[Black "Shvayger, Yuliya"]
[Result "1-0"]
[WhiteTitle "GM"]
[BlackTitle "IM"]
[WhiteElo "2580"]
[BlackElo "2387"]
[WhiteTeam "Beer Sheva Alef in name of Eliyahu Levant"]
[BlackTeam "Beer Sheva Yud-Alef"]
[WhiteFideId "2803828"]
[BlackFideId "14100126"]
[EventDate "2019.01.04"]

1. Nf3 Nf6 2. c4 g6 3. g3 Bg7 4. Bg2 O-O 5. O-O d6 6. Nc3 e5 7. d3 Nc6 8. Rb1
Nd4 9. Nd2 c6 10. e3 Nf5 11. Nde4 Ne7 12. b3 d5 13. Nxf6+ Bxf6 14. Ba3 Qa5 15.
Qc1 Be6 16. b4 Qd8 17. b5 Qd7 18. Na4 Qc8 19. Nc5 Bf5 20. bxc6 bxc6 21. Qc2 Bh3
22. cxd5 Bxg2 23. Kxg2 cxd5 24. Qa4 Rd8 25. Rfc1 Qf5 26. e4 dxe4 27. dxe4 Qg5
28. Nd7 Bg7 29. Rd1 Re8 30. h3 Rac8 31. Rbc1 Ra8 32. Rc7 Kh8 33. Qc4 Kg8 34. f3
Qe3 35. Bc1 1-0

[Event "TCh-ISR 2019"]
[Site "Israel ISR"]
[Date "2019.01.05"]
[Round "2.5"]
[Board "5"]
[White "Sidorenko, Ilya"]
[Black "Mikhalevski, Victor"]
[Result "0-1"]
[WhiteTitle "IM"]
[BlackTitle "GM"]
[WhiteElo "2395"]
[BlackElo "2581"]
[WhiteTeam "Beer Sheva Yud-Alef"]
[BlackTeam "Beer Sheva Alef in name of Eliyahu Levant"]
[WhiteFideId "2807769"]
[BlackFideId "2801914"]
[EventDate "2019.01.04"]

1. e4 e5 2. Nf3 Nc6 3. Bb5 a6 4. Ba4 Nf6 5. O-O Nxe4 6. d4 Be7 7. Re1 b5 8. Rxe4
d5 9. Nxe5 Nxe5 10. Rxe5 bxa4 11. Nc3 O-O 12. Rxd5 Bd6 13. Bf4 Be6 14. Bxd6 cxd6
15. Rh5 g6 16. Rh6 a3 17. bxa3 Rc8 18. Qd2 Qa5 19. Ne4 Qxd2 20. Nxd2 d5 21. c4
dxc4 22. Ne4 Kg7 23. Rh4 c3 24. Nc5 c2 25. Rc1 Rb8 26. Re4 Rb1 27. Ree1 Rxc1 28.
Rxc1 Rb8 29. Nd3 Rb1 0-1

[Event "TCh-ISR 2019"]
[Site "Israel ISR"]
[Date "2019.01.05"]
[Round "2.5"]
[Board "6"]
[White "Greenfeld, Alon"]
[Black "Iliaguev, Nisim"]
[Result "1-0"]
[WhiteTitle "GM"]
[BlackTitle "FM"]
[WhiteElo "2525"]
[BlackElo "2360"]
[WhiteTeam "Beer Sheva Alef in name of Eliyahu Levant"]
[BlackTeam "Beer Sheva Yud-Alef"]
[WhiteFideId "2800039"]
[BlackFideId "2817276"]
[EventDate "2019.01.04"]

1. d4 Nf6 2. c4 c5 3. Nf3 cxd4 4. Nxd4 e5 5. Nb5 d5 6. cxd5 Bc5 7. N5c3 O-O 8.
e3 e4 9. Be2 Bf5 10. Nd2 Re8 11. a3 Nxd5 12. Nxd5 Qxd5 13. b4 Bb6 14. Bb2 Qe6
15. g4 Bg6 16. h4 h6 17. Nc4 Nc6 18. b5 Na5 19. Nxb6 axb6 20. Qd4 f6 21. Rd1
Rad8 22. Qxd8 Rxd8 23. Rxd8+ Kh7 24. g5 Qe7 25. Rd1 Nb3 26. h5 Be8 27. gxf6 gxf6
28. Rh4 f5 29. Rh3 Nc5 30. Rg3 Ne6 31. Rd5 Nc5 32. Rxf5 Qc7 33. Rf8 1-0

[Event "TCh-ISR 2019"]
[Site "Israel ISR"]
[Date "2019.01.05"]
[Round "2.6"]
[Board "1"]
[White "Abergel, Thal"]
[Black "Gorodetzky, David"]
[Result "1/2-1/2"]
[WhiteTitle "GM"]
[BlackTitle "IM"]
[WhiteElo "2422"]
[BlackElo "2447"]
[WhiteTeam "Elitsur Ironi Netanya named Itshak Shlakman"]
[BlackTeam "Tsafrir Rehovot Alef"]
[WhiteFideId "614890"]
[BlackFideId "2813416"]
[EventDate "2019.01.04"]

1. d4 Nf6 2. Nf3 d5 3. e3 e6 4. Bd3 c5 5. b3 Nc6 6. Bb2 Bd6 7. Nbd2 O-O 8. O-O
b6 9. a3 Bb7 10. Ne5 Rc8 11. f4 Ne7 12. Qf3 Rc7 13. Qh3 Ne4 14. Nxe4 dxe4 15.
Bc4 Bxe5 16. dxe5 Bd5 17. Rad1 Rd7 18. Be2 Qc7 19. g4 Rfd8 20. f5 c4 21. f6 Ng6
22. Bd4 cxb3 23. cxb3 Bxb3 1/2-1/2

[Event "TCh-ISR 2019"]
[Site "Israel ISR"]
[Date "2019.01.05"]
[Round "2.6"]
[Board "2"]
[White "Veinberg, Nimrod"]
[Black "Poleg, Dan"]
[Result "1-0"]
[WhiteTitle "IM"]
[BlackTitle "FM"]
[WhiteElo "2399"]
[BlackElo "2276"]
[WhiteTeam "Tsafrir Rehovot Alef"]
[BlackTeam "Elitsur Ironi Netanya named Itshak Shlakman"]
[WhiteFideId "2810280"]
[BlackFideId "2812398"]
[EventDate "2019.01.04"]

1. d4 d5 2. c4 dxc4 3. e4 Nf6 4. e5 Nd5 5. Bxc4 Nb6 6. Bd3 Nc6 7. Ne2 Be6 8.
Nbc3 Bc4 9. Bxc4 Nxc4 10. e6 fxe6 11. O-O g6 12. Nf4 Qd7 13. Qe2 e5 14. dxe5
N4xe5 15. Rd1 Qc8 16. Ncd5 Kf7 17. Nh3 h6 18. f4 Ng4 19. Nxc7 Qxc7 20. Qxg4 e6
21. f5 exf5 22. Qc4+ Kg7 23. Nf4 Qb6+ 24. Kh1 Ne5 25. Qc3 Re8 26. Be3 Qc6 27.
Qb3 b6 28. Rac1 Bc5 29. Bd4 Qf6 30. Bxc5 bxc5 31. Rxc5 Rhf8 32. Nd5 Qh4 33. Nc7
Re7 34. Qc3 1-0

[Event "TCh-ISR 2019"]
[Site "Israel ISR"]
[Date "2019.01.05"]
[Round "2.6"]
[Board "3"]
[White "Poleg, Matan"]
[Black "Parkhov, Yair"]
[Result "0-1"]
[BlackTitle "FM"]
[WhiteElo "2205"]
[BlackElo "2336"]
[WhiteTeam "Elitsur Ironi Netanya named Itshak Shlakman"]
[BlackTeam "Tsafrir Rehovot Alef"]
[WhiteFideId "2811472"]
[BlackFideId "2813408"]
[EventDate "2019.01.04"]

1. d4 Nf6 2. c4 e6 3. Nf3 d5 4. Nc3 c6 5. Bg5 h6 6. Bxf6 Qxf6 7. e3 Nd7 8. Bd3
g6 9. O-O Bg7 10. e4 dxc4 11. e5 Qe7 12. Bxc4 O-O 13. Rc1 c5 14. Ne4 cxd4 15.
Qxd4 Nb6 16. Rfd1 Nxc4 17. Qxc4 b6 18. Nd6 Bb7 19. Nxb7 Qxb7 20. Qc7 Rab8 21. h3
Qa8 22. Qe7 Rfe8 23. Qd7 Rbd8 24. Qc7 Rc8 25. Qd7 Qb8 26. b4 Bf8 27. Qa4 Rxc1
28. Rxc1 Rd8 29. a3 Bg7 30. Qa6 Bf8 31. Qc4 Rd5 32. Qa6 Rd8 33. Qc4 Rd7 34. Qc6
Qd8 35. Qa4 a5 36. Rc6 Rd5 37. Qc2 axb4 38. axb4 b5 39. Rc7 Kg7 40. Qc6 Bxb4 41.
Rc8 Rc5 42. Rxd8 Rxc6 43. Rb8 Rc5 44. Nd4 Bc3 45. Nf3 Bxe5 46. Nxe5 Rxe5 47. h4
Re1+ 48. Kh2 Rb1 49. g3 Kf6 50. Rb7 h5 51. Kg2 Rb3 52. Kh2 e5 53. Kg2 Ke6 54.
Kf1 Rb2 55. Kg2 e4 56. Kf1 f6 57. Rb6+ Kf5 58. Ke1 b4 59. Kf1 b3 60. Kg1 g5 61.
Rb4 gxh4 62. gxh4 Kf4 63. Kg2 f5 64. Kh3 Rd2 65. f3 Rd3 0-1